| 000 | 01222nam a2200289 i 4500 | ||
|---|---|---|---|
| 003 | DO-SdBNP | ||
| 005 | 20250604104046.0 | ||
| 007 | ta | ||
| 008 | 250604s2011 dr b r 000 0 spa d | ||
| 040 |
_aDO-SdBNP _bspa _cBNPHU _erda |
||
| 082 |
_axxxx _bR426 |
||
| 110 |
_aRepública Dominicana _bAyuntamiento del Distrito Nacional _99535 |
||
| 245 | 1 | 0 |
_aNormas de zonificación, uso e intervención en la Ciudad Colonial : _bplan regulador integral de la Ciudad Colonial de Santo Domingo / _cpresentación, Roberto Salcedo Gavilán |
| 264 | 1 |
_aSanto Domingo : _bAyuntamiento del Distrito Nacional, _c[2011]. |
|
| 300 |
_a105 páginas : _bmapas _c22 cm. |
||
| 336 |
_atexto _btxt _2rdacontent |
||
| 337 |
_asin mediación _bn _2rdamedia |
||
| 338 |
_avolumen _bnc _2rdacarrier |
||
| 500 | _aOrdenanza 03-2011. | ||
| 590 | _aInventariado, 2025/ YL | ||
| 651 | 4 |
_aSanto Domingo (República Dominicana) _xHistoria _953591 _vCongresos, conferencias, etc. |
|
| 651 | 4 |
_aRepública Dominicana _y1844 _953592 _vCongresos, conferencias, etc. |
|
| 700 | 1 |
_aSalcedo Gavilán, Roberto _epresentación _4pres. _96509 |
|
| 710 | 1 | 2 |
_aDistrito Nacional (República Dominicana) _bAyuntamiento _953593 |
| 910 | _aYLockward | ||
| 942 |
_2ddc _cLBS1 |
||
| 999 |
_c59140 _d59140 |
||